[Event "Campeonato Britanico"]
[Site "Scarborough ENG"]
[Date "2004.08.06"]
[Round "5"]
[White "Rowson, J."]
[Black "Jones, G."]
[Result "1-0"]
[WhiteElo "2558"]
[BlackElo "2453"]
[Annotator "MI Maxim Notkin"]
[PlyCount "75"]
[EventDate "2004.08.02"]
[Source "Chess Today"]
[SourceDate "2004.08.15"]

1. d4 Nf6 2. c4 c5 3. d5 b5 4. cxb5 a6 5. bxa6 g6 6. Nc3 Bxa6 7. g3 d6 8. Bg2
Nbd7 9. Rb1 Bg7 10. Nf3 Nb6 11. b3
{No Gambito Benko, a compensacao preta
consiste na pressao ao longo das colunas a e b somadas com a forte pressao na
grande diagonal. Portanto, isto e uma melhora para as brancas - elas tiram as
suas pecas da perigosa diagonal e avancam os Peoes da ala da Dama para
facilitar a tarefa de defende-los.}
11... Bb7 (
{
Curioso, mas nao insuficiente, e recuar o Bispo para a sua casa inicial -} 
11... Bc8 {planejando explorar a posicao da Torre branca por meio de Bf5. Apos}
12. Nh4 $1 h6 13. Qc2 Qd7 14. Bb2 ({talvez o agudo} 14. f4 $5
{
testado em Barsov - Mannion, Port Erin 2003 seja ate mesmo mais forte})
14... g5 15. Nf3 {(o Peao d5 esta protegido indiretamente)} 15... Qf5 16. e4
Qg6 17. O-O O-O 18. Qd2 Qh5 19. e5
{
com vantagem branca Kasimdzhanov - Van der Weide, Groningen 1999}) (
{
as pretas normalmente elegem outro plano aparentemente estranho -} 11... O-O
12. O-O Ra7 13. Bb2 Qa8 $5 14. Nh4 Rb8
{
o qual nao resolve todos os problemas.}) 12. Nh4 ({Para} 12. e4
{
o Bispo retorna para} 12... Ba6
{dificultando o roque branco. Por isso as
brancas colocaram o Cavalo no canto do tabuleiro para defender o Peao. Este e
o preco que elas devem pagar pelo atraso no desenvolvimento da ala do rei.})
12... O-O 13. O-O Ne8
{No meu banco de dados eu encontrei poucas
partidas de Alex Baburin nas quais ele jogou esta linha de brancas. Se eu
comentar algo errado ele me corrigira na primeira oportunidade.} (
{
Koch cotra Alex (Franca 2002) tentou} 13... Ng4 {e apos} 14. Bb2 Bxc3
15. Bxc3 Rxa2 16. e4 Nf6 17. Re1 (17. b4 $5) 17... e5 18. dxe6 fxe6 19. e5 Bxg2
20. Nxg2 Nfd5 21. Bb2 dxe5 22. Rxe5 Qd6 23. Re2
{as brancas estao ligeiramente melhores
gracas a melhor posicao de seu Rei e de seus Peoes. O lance do texto parece
mais logico, pois de e8 o Cavalo pode voltar para f6 se necessario, mas ele
tem outras rotas tambem.})
14. Bb2 ({No caso de} 14. Qc2 Nc7 15. Rd1 ({se
} 15. e4 e6 16. Rd1 exd5
17. exd5 f5 18. Bb2
{
(Piket - Cramling, Franca 1999)  as pretas obtem contra jogo por meio de}
18... f4) 15... Qe8 16. e4 Nb5 17. Nxb5 Qxb5 18. a4 Qd7 19. Bf4 Rfb8 20. Nf3
Ba6 21. e5 Bb7 22. exd6 exd6 23. Ng5 $16
{
as brancas conseguem aquilo que elas querem, Baburin - Cohen, Isle of Man 1994})
14... Nc7 ({Apos} 14... Bxc3 15. Bxc3 Rxa2 16. e4 e5 $6 (16... Nc7) 17. dxe6
fxe6 18. Ra1 Rxa1 19. Bxa1 Qe7 20. f4 Nd7 21. Qg4 Nef6 22. Qg5
{as pretas 
enfrentam problemas, Jussupow - Kersten, Altenkirchen 1999. O plano escolhido
por Jones e muito lento e abstrato. Em breve ele se encontrara em uma posicao
completamente passiva. Eu creio que o unico plano que permite que as pretas
lutem por igualdade e jogar e7-e6 sem dar o Bispo de casas escuras.})
15. Qd2 Qd7 (
{
Esta era a ultima oportunidade para as pretas recuperarem o Peao por meio de} 
15... Bxc3 16. Qxc3 f6 {mas apos} 17. e4 Rxa2 18. Ra1
{
as brancas estao melhores.}) 16. e4 Rfb8 $6 (16... e6 $1) 17. Rfe1 Nb5 $2
{Este lance e a troca que ele causa somente contribuem para o
desenrolar da ofensiva branca.}
18. Nxb5 Qxb5 19. Bxg7 Kxg7 20. e5
{Apenas uma
olhada nas pecas pretas na ala da dama e o Rei abandonado no flanco oposto e
suficiente para avaliar a posicao.}
20... Qd7 21. e6 Qe8 22. a4 $1
{Torna-se cl
aro que as quatro pecas pretas confinadas no canto do tabuleiro sao
absolutamente inuteis.}
22... f6 23. a5 Nc8 24. b4
{Aparentemente as brancas
estao querendo atacar a ala da dama, mas elas planejam passar a Torre para a
ala do rei.}
24... cxb4 25. Rxb4 Ba6 26. Rg4 $1 {
As ameacas brancas tornam-se reais.}
26... g5 {
Do contrario as brancas poderiam jogar Cf5 e Dh6.} 27. Nf5+ Kf8
28. Qc3 Qg6 29. Be4 Qh5 30. Bf3 Qg6 31. Be4 Qh5 32. Ne3
{Agora a Torre esta protegida,
enquanto que as pecas brancas estao mirando o Peao h7.}
32... Na7 33. h4 $1 Nb5 34. Qa1 $1 gxh4 (34... h6 35. Kg2 $1
{com a ideia de Th1.}) 35. Rxh4 Qe5 36. Nf5 Nc3 ({Ou} 36... Qxa1 37. Rxa1
{e nao ha defesa contra Txh7.}) 37. Rxh7 Ne2+ 38. Kh2 1-0

[Event "Mainz ( Ordix - 25 minutos )"]
[Site "?"]
[Date "2004.08.07"]
[Round "5"]
[White "Morozevich, Alexander"]
[Black "Lalic, Bogdan"]
[Result "0-1"]
[WhiteElo "2743"]
[BlackElo "2547"]
[Annotator "Bogdan Lalic"]
[PlyCount "74"]
[EventDate "2004.??.??"]
[Source "Chess Today"]
[SourceDate "2004.08.17"]

1. e4 e5 2. Nf3 Nf6 3. Nxe5 d6 4. Nc4 ({Alekhine recomendava} 4. Nf3 Nxe4
5. Nc3 Nxc3 6. dxc3 {com a ideia de fazer o roque grande.}) 4... Nxe4 5. Nc3
Nxc3 6. bxc3 Be7 ({Melhor e} 6... d5 7. Ne3 c6 8. d4 Nd7 9. Bd3 Nf6 10. O-O Be7
11. Qf3 O-O 12. Nf5 Bxf5 13. Bxf5 Ne8 $1 $11 {
no intuito de ...Cd6, .....Bg5})
7. d4 O-O 8. Bd3 Nd7 9. O-O Re8 10. Qf3 $1 Bf8 11. a4 (11. Ne3 c6 12. Bd2 $14
{era melhor.}) 11... Qh4 $5 12. Bf4 Nf6 13. h3 Qh5 $1 $11 14. g4 $5
{
As brancas estao tentando desequilibrar a posicao.} (14. Qg3 $143 $6 Bf5 $15 (
14... Ne4 $15)) 14... Qd5 15. Qd1 $2
{Mas isto ja e um exagero - as
brancas se arriscam muito nesta partida, tentando ganhar a qualquer custo.} (
{
Poderia ser jogado} 15. Qxd5 Nxd5 16. Bd2 h5 17. gxh5 Bxh3 18. Rfb1 $11) (
{mau e} 15. Qg3 Ne4 16. Qh4 h6 $1 17. Ne3 Qa5 $17) 15... Qc6 16. Rb1 a6 $1
{Um necessario lance profilatico - as pretas assumem o
controle da importante casa b5.}
17. Ne3 Ne4 18. Rb3 (18. Qf3 $5 Nd2 $6 (18... Nxc3 $142 19. Qxc6 bxc6 20. Rb4
c5 21. dxc5 d5 $1 $17 {
com a ideia ...Bxc5.}) 19. Qxc6 bxc6 20. Nd5 $1 Nxb1
21. Nxc7 Nxc3 22. Nxe8 Bxg4 23. Nc7 Ra7 24. hxg4 Rxc7 25. Ra1 $44) 18... Nxc3
19. Qa1 (19. d5 $143 $2 Qxa4 $1 20. Qf3 (20. Rxc3 Qxf4 $19) 20... Qd4 $19)
19... Nd5 (19... Ne4 $17) 20. Nxd5 Qxd5 21. c4 Qe6 22. a5 $138 Qf6 23. Bg3 h5
$1 $40 {Agora as fraquezas da ala do rei branca comecam a aparecer.} 24. gxh5
Bxh3 25. Rfb1 Re7 26. d5 Qg5 $1
{Evidentemente as pretas nao
devem trocar Damas porque a ala do rei branca esta muito fraca.}
27. Qc3 (27. Rxb7 Re3 $5 $40 {com ataque.}) 27... Qxh5 28. Rxb7 Rae8 29. Bf1
Bxf1 30. Rxf1 Qh3 31. Qd3 $6 (31. Qf3 Re1 32. Qg2 Qc8 33. Ra7 g6 $17) 31... Re3
$1 32. Qc2 ({Ou} 32. Qd2 Re2 33. Qd1 R8e3 34. Rb3 Rxf2 $1 35. Rxf2 Qxg3+
36. Rg2 Re1+ $19) 32... Re1 33. Qd3 R8e3 $138 (33... R8e2 $142 $19) 34. fxe3
Qxg3+ 35. Kh1 Rxe3 36. Qd4 Re2 37. Qf4 Qg2# 0-1

[Event "V Europeu Absoluto"]
[Site "Antalya TUR"]
[Date "2004.05.23"]
[Round "8"]
[White "Akesson, Ralf"]
[Black "Jobava, Baadur"]
[Result "0-1"]
[WhiteElo "2476"]
[BlackElo "2616"]
[Annotator "GM Mikhail Golubev"]
[PlyCount "54"]
[EventDate "2004.05.??"]
[Source "Chess Today"]
[SourceDate "2004.05.26"]

1. d4 Nf6 2. c4 e6 3. Nc3 c5 4. d5 exd5 5. cxd5 g6 6. e4 d6 7. Bd3 Bg7 8. h3
$1 O-O 9. Bg5 ({Mais popular e} 9. Nf3
{que atualmente e a principal
linha na Benoni Moderna. O lance de Akesson preserva as duas possibilidades de
desenvolvimento do Cavalo de g1: Cf3 e   Cge2.})
9... Bd7 $5
{Um lance quase
desconhecido. O unico grande mestre que o tentou no passado foi Vladislav
Nevednichy - com a ajuda de 9...Bd7 ele consiguiu uma vitoria contra a sua
esposa, a WGM Gabriela Olarasu. A ideia preta e responder tanto 10.Cf3, quanto
10.Cge2 com 10...b5.}
10. a4 $146 {As brancas decidem impedir o lance ...b5.} ({A continuacao} 
10. Qd2 b5 11. Bxb5 Bxb5 12. Nxb5 Qb6 13. Bxf6 (13. Nc3 Nxe4 $1) 13... Bxf6
14. Nc3 Bxc3 15. Qxc3 Re8
{
com total compensacao, aconteceu na partida Olarasu-Nevednichy, Agneaux 1999.})
10... Na6 $1 11. Nf3 Nb4 12. Be2
{Este lance pode ate parecer estranho, mas os
outros lances tambem possuem pontos negativos.}
12... h6 13. Bf4 $6
{Um lance m
uito otimista - as brancas estao atacando o Peao d6. Entretanto, tal ataque
dificilmente pode assustar as pretas, que estao com desenvolvimento melhor.
Alem disso, a posicao do Bispo em f4 se mostra vulneravel em varias linhas
(como na propria partida). Por isso, os lances 13.Bh4 ou 13.Be3 teriam sido
mais cautelosos.}
13... Qe7 ({Seria ate mesmo mais interessante} 13... Re8 $1 14. Nd2 ({o lance} 
14. Bxd6 {claramente favorece as pretas} 14... Nxe4 15. Nxe4 Rxe4 $17)
14... Bf5 $1 15. f3 (15. exf5 Nd3+ 16. Kf1 Nxf4) 15... Nh5 16. Bh2 Qh4+ 17. Kf1
Bd7 $5 18. Bxd6
{
e as pretas podem conseguir iniciativa de variadas maneiras.} {Por exemplo,}
18... Re5 $5 {e possivel.}) 14. Nd2 Rfe8 ({Aqui} 14... Bf5 15. O-O $5 Nxe4
16. Ndxe4 Bxe4 17. Nxe4 Qxe4 18. Bxd6 {nao e perigoso para as brancas.})
15. O-O {Permitindo uma combinacao preta.} ({Era melhor} 15. Bh2 {, e se}
15... b5 $5 {entao} 16. O-O $1 {com jogo confuso} ({mas nao} 16. axb5 $2 Nfxd5
17. Nxd5 Nxd5 18. exd5 Bxb5 $19)) ({Tambem era possivel} 15. Be3 $5)
15... Nfxd5 $1 16. exd5 ({Naturalmente nao} 16. Nxd5 $2 Nxd5 17. exd5 Qxe2 $17)
16... Bxc3 17. bxc3 Nxd5 18. Be3
{
De qualquer outro modo as brancas perderiam material.} 18... Nxc3 $1 (
{
Obviamente mais forte do que} 18... Nxe3 $6 19. fxe3 Qxe3+ 20. Rf2 Qxc3
21. Rc1) 19. Qe1
{Tres Peoes e um jogo ativo e compensacao mais do que suficiente por
uma peca. No entanto, ainda e necessario lutar um pouco.}
19... d5 ({
Provavelmente mais forte do que} 19... Bxa4
{
com posicao confusa. As brancas, entao, poderiam tentar} 20. Rxa4 $5 Nxa4
21. Qa1 Nb6 22. Bb5) 20. Bf3 d4 ({Agora} 20... Bxa4 $2 {nao resolve mesmo:}
21. Nb1 $1 Nxb1 22. Rxa4 d4 23. Qxb1 dxe3 24. fxe3 Qxe3+ 25. Kh1
{
com grande vantagem para as brancas.}) 21. Nb3 $5 ({A alternativa era} 
21. Nc4
{com jogo tenso. Eu creio que as pretas estao levemente superiores; uma
possivel continuacao era}
21... Qe6 22. Na5 $1 Rac8 $5 ({ou ainda} 22... b6 $5 23. Bxa8 Rxa8)) 21... Qf6
$5 ({Um natural} 21... Bxa4 {permite} 22. Nxd4 $1 cxd4 23. Bxd4 Qxe1 24. Rfxe1
Rxe1+ 25. Rxe1 $15 {
e as brancas devem ser capazes de conseguir um empate.})
22. Qd2 $2
{As brancas
subestimaram a forca de um Peao em e2. Ou talvez nao viram a armadilha na Dama
(veja 24.Dxb7? abaixo).} (
{Um} 22. Bxb7 $1 Rab8 23. Nxc5 $1 $15
{
teria minimizado a vantagem preta. Apos} 23... Bc6 {as brancas possuem}
24. Nb3 $1 ({mais arriscado e} 24. Bxc6 Qxc6 25. Qd2 Qxc5 26. Bxh6)) (
{
menos aconselhavel e} 22. Nxc5 $6 Bc6 $1 $17) ({ou} 22. Rc1 Nxa4 $1)
22... dxe3 23. Qxd7 Rad8 24. Qg4 ({Nao} 24. Qxb7 $2 Re7 $1
{
e a Dama caiu em uma armadilha}) (24. Qc7 e2 25. Rfe1 Rd1 $17
{nao deve s
er mais agradavel - para as brancas - do que a continuacao da partida.})
24... e2 25. Rfe1 Rd1 26. Kh2 $2 {Um erro final.} ({Tambem era inutil} 
26. Rexd1 exd1=R+ 27. Bxd1 Re1+ 28. Kh2 Qxf2 $19) (
{
A unica maneira de continuar a resistencia era} 26. Qc4 $1
{
E as pretas poderiam ter respondido com} 26... Rxa1 ({ou} 26... b6) 27. Nxa1
Qd4 {com uma clara vantagem.}) 26... Rxa1 27. Nxa1 Qd6+ $1
{
As brancas abandonam, em vista de 28...Dd2 -+.} 0-1

[Event "FIDE WCh Women"]
[Site "Elista RUS"]
[Date "2004.05.24"]
[Round "2.1"]
[White "Lomineishvili, Maia"]
[Black "Galliamova, Alisa"]
[Result "1-0"]
[WhiteElo "2397"]
[BlackElo "2502"]
[Annotator "GM Mikhail Golubev"]
[PlyCount "141"]
[EventDate "2004.05.22"]
[Source "Chess Today"]
[SourceDate "2004.05.28"]

{As partidas do Campeonato Mundial Feminino sao jogadas com um controle de
tempo modificado: 1,5 horas para os primeiros 40 lances, seguido de 15 minutos
para o final da partida e com um acrescimo de 30 segundos a cada lance jogado.
A qualidade das partidas em Elista e bastante decente, mas as vezes nos
podemos ver grandes erros. Quando os dois lados cometem tais erros, a partida
pode se tornar um verdadeiro filme de terror, como esta partida da segunda
rodada.}
1. e4 c5 2. Nf3 d6 3. d4 cxd4 4. Nxd4 Nf6 5. Nc3 a6 6. Be3 e6 7. f3 Nbd7 8. g4
h6 9. Qd2 b5 10. O-O-O Bb7
{Uma das modernas linhas no
Sistema Najdorf. As duas continuacoes mais comuns sao 11.h4 e 11.Bd3. O lance
de Lomineshvili perde tempo, e dificilmente e recomendado.}
11. Kb1 $6 Rc8 ({No passado, as pretas normalmente tentavam} 11... b4) 12. a3
{Provavelmen
te as brancas estavam pensando que nao e importante ganhar tempo aqui.}
12... Ne5 13. Rg1 d5 $1 {Uma punicao: as pretas tomam a iniciativa.} 14. exd5 (
14. Bf4 {poderia ter sido respondido por} 14... Ng6 $1) 14... b4 15. axb4 $6 (
{
Parece que} 15. Na2 {era necessario. E entao as pretas poderiam ter jogado}
15... Nxd5 {com boa posicao} ({nem tao claro e} 15... bxa3 16. dxe6))
15... Bxb4
{Esta cravada e altamente desagradavel para as brancas. As pretas estao
muito melhores.}
16. dxe6 Nd5 $1 17. exf7+ (17. e7
{
era uma tentativa interessante, mas, insuficiente:} 17... Qd7 $1 18. Nf5
Bxc3 19. Nxg7+ Kxe7 20. Qf2 Kf8 21. Nf5 Qc7 $1 $17
{
com vantagem para as pretas.}) 17... Kxf7 18. Nde2
{
Era o unico caminho para nao perder material.} 18... Nc4 $1 19. Qd4 (
{
Era melhor sacrificar a Dama com} 19. Qxd5+ $5 Bxd5 20. Rxd5 {mas apos}
20... Qc7 $5 $17 {a posicao preta deve ser preferivel.}) 19... Ndxe3 $2
{
O primeiro dos erros de Galliamov.} ({O lance} 19... Ncxe3 $1 20. Nxd5 Nxd5
$19 {da grande vantagem para as pretas. A tentativa} 21. Nf4 $2
{
perde imediatamente apos} 21... Bc5) 20. Qf4+ $1
{
Agora as brancas conseguiram alguma chance na partida.} 20... Qf6 21. Rd7+
Be7 22. Rxb7 Qxf4 23. Nxf4 Nxf1 24. Ncd5 Rhe8 25. Ng6 $2 (
{O lance anterior foi
mais ou menos forcado, porem este pulo do Cavalo e obviamente errado. O
correto era} 
25. g5 $1 hxg5 26. Rxg5 {
e sao vagas as chances de vitoria das pretas.})
25... Ncd2+ $6 ({Mais forte era
} 25... Nfd2+ $1 26. Kc1 (26. Ka2 Rc5 $1 $19)
26... Rb8 $1 27. Rxb8 (27. Rxe7+ Rxe7 28. Ngxe7) 27... Rxb8 28. Ngxe7 Rxb2
29. Nc3 {
(uma triste necessidade)} 29... Kxe7 $19
{com grande perspectiva de vitoria.}) 26. Kc1 Kxg6 27. Nxe7+ Kh7 ({O bravo} 
27... Kg5 $5 {
merecia alguma atencao tambem.}) 28. g5 (28. Nxc8 $4 Re1#)
28... Rc5 $1 29. f4 $5 ({Infelizmente para as brancas,} 29. gxh6
{e refutado por} 29... Re5 $1 30. Rxg7+ Kxh6 $19) 29... Ra5 $2
{
Uma falha de calculo. Provavelmente Galliamova nao viu o lance 31 das brancas.} (
{Era correto} 29... hxg5 $1 30. Rxg5 (30. fxg5 $2 Re5) (30. b4 Rb5 31. Rxg5
Rxg5 32. fxg5 Nc4 $19) 30... Rxg5 31. fxg5 Nf3 $17) 30. b4 $1 Rb5 ({Depois de} 
30... Ra1+ 31. Kb2 Rb1+ 32. Ka2 Rc1 33. Kb2 $11 {
as pretas nao podem ganhar.})
31. gxh6 $3 {
Um otimo recurso! A Torre branca esta intocavel.} 31... Kxh6
{
Este lance dificilmente e bom, mas as pretas nao possuem nada melhor.} (
31... Rxb7 $4 32. Rxg7+ Kxh6 (32... Kh8 33. Ng6#) 33. Nf5+ Kh5 34. Rg5#) (
31... gxh6 $2 32. Rd7 $18) 32. Rxb5 axb5 33. Nf5+ Kh7 34. Rxg7+ Kh8
{
Um agudo final com chances aproximadamente iguais apareceu no tabuleiro.}
35. Rb7 $5 ({Lomineishvili nao quis jogar por um empate com o lance} 35. Re7)
35... Re1+ 36. Kb2 Nc4+ $2 {Isto da vantagem para as brancas.} (
{
As pretas devem ganhar um Peao com} 36... Rb1+ $1 37. Kc3 Ne4+ $1 $15
{
e depois de} 38. Kd4 (38. Kd3 Rxb4) 38... Rxb4+ 39. Ke5 Nxh2 $1
{
A coisa nao esta boa para as brancas. Elas podem responder} 40. Rb8+ Kh7
41. Rb7+ Kg8 42. Rb8+ Kf7 43. Rb7+ Ke8 44. Nd6+ Nxd6 45. Kxd6
{ganhando o Peao b5.}) 37. Kc3 Re4 38. Rxb5 Nxh2 $4
{Desta vez isto foi um grande equivoco.} ({Depois de} 38... Rxf4 $5
{
as esperancas pretas de um empate se tornariam mais reais.}) 39. Ng3 (
{
Este lance e bom. Mas ainda melhor era} 39. Nd4 $1) 39... Rxf4 40. Rh5+ Kg8
41. Rxh2
{As brancas possuem dois Peoes a mais, e o resto nao e realmente
interessante: sem mais erros nesta partida!}
41... Nb6 42. Rd2 Kf7 43. Ne2 Re4 44. Nc1 Ke6 45. Re2 Nd5+ 46. Kb3 Ne3 47. Nd3
Kd5 48. Nf4+ Kc6 49. Ng2 Nc4 50. Rxe4 Nd2+ 51. Ka4 Nxe4 52. c4 Nd2 53. Ne3 Kb6
54. Ka3 Kc6 55. Kb2 Ne4 56. Kc2 Ng5 57. Kc3 Nf3 58. Nf5 Ng5 59. Nd4+ Kd6 60. b5
Kc5 61. Nb3+ Kb6 62. Kb4 Ne4 63. c5+ Kc7 64. Ka5 Nf6 65. Ka6 Kb8 66. b6 Nd5
67. c6 Ka8 68. Nc5 Nb4+ 69. Kb5 Nc2 70. b7+ Ka7 71. c7 1-0

[Event "V Europeu Absoluto"]
[Site "Antalya TUR"]
[Date "2004.05.27"]
[Round "11"]
[White "Halkias, S."]
[Black "Mastrovasilis, A."]
[Result "1-0"]
[WhiteElo "2541"]
[BlackElo "2488"]
[Annotator "GM Mikhail Golubev"]
[PlyCount "59"]
[EventDate "2004.05.15"]
[Source "Chess Today"]
[SourceDate "2004.05.29"]

1. d4 Nf6 2. Nf3 e6 3. c4 b6 4. g3 Ba6 5. Qb3 $5
{
Uma das melhores alternativas ao lance principal 5.b3.} 5... Nc6
{
A resposta mais interessante.} ({Para} 5... c5 {as brancas jogam} 6. d5 $1)
6. Nbd2 d5 ({Uma solida alternativa e} 6... Na5 {e se} 7. Qc3 {pode ser jogado}
7... c5) 7. Bg2 Bb7 (7... Qd7 $5
{foi introduzido por Grischuk em 2002. Esta
foi a escolha de Anand nas partidas dele no ano de 2003.})
8. cxd5 ({
Vallejo Pons tentou duas vezes} 8. O-O {seguido de 9.cxd5.})
8... exd5 (8... Qxd5 $5
{merece atencao, como na partida Huzman-Lerner, Ashdod 2003.}) 9. Ne5 $1
{Este lance abre caminho para o desenvolvimento da iniciativa branca.}
9... Nxd4 $6 (9... a6 10. Nxc6 Bxc6 11. Nf3 Bd6 12. Ne5
{e a posicao esta
ligeiramente melhor para as brancas, na partida Vallejo Pons - Anand,
Bundesliga 2002/3.})
10. Qa4+ Nc6 11. Ndc4 $1 {Naturalmente!} (
{
As pretas poderiam ter esperado por} 11. Nxc6 $2 Qd7
{
com melhores chances.}) 11... Bb4+ 12. Kf1 dxc4 (
{
A alternativa mais interessante era} 12... Bd6
{
(defendendo a principal ameaca branca: Cxc6 seguido de Cce5)} 13. Nxc6 Qd7
14. Nxd6+ cxd6 15. Qh4 Bxc6 16. Bh6 $1 gxh6 17. Qxf6 $14
{
mas a vantagem branca esta assegurada.}) 13. Bxc6+ Bxc6 14. Qxc6+ Kf8 (
{Nao} 14... Ke7 $2 15. Qxc4 ({ate mesmo mais forte pode ser o lance:} 15. Qf3
$1) 15... Qd1+ 16. Kg2 Qd5+ 17. Qxd5 Nxd5 18. e4 Bd6 19. Nxf7 $5 (
{
as brancas devem evitar} 19. Nc6+ Ke6 20. exd5+ $2 Kxd5 $11
{
pois o Cavalo fica sem ter para onde ir}) 19... Kxf7 20. exd5 $16
{
com um Peao a mais para as brancas.}) 15. Bg5 $1
{Este forte lance permite que
as brancas desenvolvam iniciativa. As pecas pretas estao sem coordenacao, por
isso o segundo jogador nao esta preparado para anular varias ameacas, tais
como Cd7+ ou Dc4.}
15... Qe8 (15... Qd5 $2 {perde uma peca depois de} 16. Bxf6 $18) (15... Rc8
{falha, por causa de} 16. Bxf6 gxf6 17. Nxf7 $1 Kxf7 18. Qxc4+ $16
{seguido de Dxb4 com um "saudavel" Peao a mais para as brancas}) ({
e apos} 
15... Be7 {as brancas podem continuar} 16. Bxf6 $1 ({mas nao} 16. Qxc4 $6 Qd5)
16... Bxf6 17. Nd7+ Kg8 18. Nxf6+ gxf6 19. Rc1 $16 {
com uma clara vantagem.})
16. Bxf6 gxf6 17. Qxf6 Rg8 18. Rd1 $1 Qe6 $2 {
Um erro decisivo.} (
{Uma defesa correta era} 18... Bd6 $1 19. Nxc4 Qc6 ({ou} 19... Qe4) 20. Qf3
{(forcado)} 20... Qxf3 (20... Qxc4 $2 21. Qxa8+) 21. exf3
{
e, neste final, nao esta facil para as brancas converterem em ponto a sua
vantagem material.})
19. Nd7+ $1 Ke8 20. Qxe6+ fxe6 21. Nf6+ $18
{
Ganhando uma qualidade. O resto nao e dificil.} 21... Ke7 22. Nxg8+ Rxg8
23. e3 b5 24. Ke2 a5 25. Rd4 Bd6 26. Rh4 Rg7 27. Rh5 e5 28. a4 bxa4 29. Ra1 a3
30. bxa3
{E as pretas abandonam porque elas nao conseguem defender o Peao c - que
e a sua unica esperanca. Por exemplo, 30...Re6 31.Th4! Rd5 32.Td1+ Rc5 33.
Tc1+-, nao resolve.}
1-0